Investigación acerca de arqueología y prehistoria de la región salmantina / (Record no. 107276)

MARC details
000 -LEADER
campo de control de longitud fija 00479nam a2200145 4500
001 - NÚMERO DE CONTROL
campo de control 107276
003 - IDENTIFICADOR DE NÚMERO DE CONTROL
campo de control ES-MaACL
007 - CAMPO FIJO DE DESCRIPCIÓN FÍSICA--INFORMACIÓN GENERAL
campo de control de longitud fija t|
008 - DATOS DE LONGITUD FIJA--INFORMACIÓN GENERAL
campo de control de longitud fija 061121s1919 sp r ||||1| spa d
100 1# - ENTRADA PRINCIPAL--NOMBRE DE PERSONA
Nombre de persona Morán Bardón, César.
9 (RLIN) 83115
245 10 - MENCIÓN DEL TÍTULO
Título Investigación acerca de arqueología y prehistoria de la región salmantina /
Mención de responsabilidad, etc. por César Morán Bardón.
260 ## - PUBLICACIÓN, DISTRIBUCIÓN, ETC.
Lugar de publicación, distribución, etc. Salamanca :
Nombre del editor, distribuidor, etc. [s.n.],
Fecha de publicación, distribución, etc. 1919 (
Fabricante Tip. Calatrava)
300 ## - DESCRIPCIÓN FÍSICA
Extensión 131 p., XVII lám. ;
Dimensiones 21 cm.
852 ## - LOCALIZACIÓN
Ubicación ES-MaACL
Número de control de estantería B-5680
Holdings
Estatus retirado Estado de pérdida Estado de daño No para préstamo Biblioteca de origen Biblioteca actual Ubicación en estantería Fecha de adquisición Fuente de adquisición Total de préstamos Signatura topográfica completa Código de barras Visto por última vez Precio de reemplazo Tipo de ítem Koha
        Biblioteca del Ateneo de Madrid Biblioteca del Ateneo de Madrid Sala Pardo Bazán 17/01/2008     B-5680 1111965 23/02/2023 23/02/2023 Libro impreso